Microeconomics / (Record no. 949)
[ view plain ]
| 000 -LEADER | |
|---|---|
| fixed length control field | 01133cam a2200337 i 4500 |
| 001 - CONTROL NUMBER | |
| control field | 18104835 |
| 003 - CONTROL NUMBER IDENTIFIER | |
| control field | GZU |
| 005 - DATE AND TIME OF LATEST TRANSACTION | |
| control field | 20200916154118.0 |
| 008 - FIXED-LENGTH DATA ELEMENTS--GENERAL INFORMATION | |
| fixed length control field | 140407s2015 maua b 001 0 eng |
| 010 ## - LIBRARY OF CONGRESS CONTROL NUMBER | |
| LC control number | 2014012795 |
| 020 ## - INTERNATIONAL STANDARD BOOK NUMBER | |
| International Standard Book Number | 9780133456912 (hbk.) |
| 020 ## - INTERNATIONAL STANDARD BOOK NUMBER | |
| International Standard Book Number | 9780273779780 |
| 020 ## - INTERNATIONAL STANDARD BOOK NUMBER | |
| International Standard Book Number | 0133456919 (hbk.) |
| 040 ## - CATALOGING SOURCE | |
| Original cataloging agency | DLC |
| Language of cataloging | eng |
| Description conventions | rda |
| Transcribing agency | DLC |
| Modifying agency | DLC |
| 042 ## - AUTHENTICATION CODE | |
| Authentication code | pcc |
| 050 00 - LIBRARY OF CONGRESS CALL NUMBER | |
| Classification number | HB172 |
| Item number | .PER 2013 |
| 100 1# - MAIN ENTRY--PERSONAL NAME | |
| Personal name | Perloff, Jeffrey M. |
| Relator term | author |
| 245 10 - TITLE STATEMENT | |
| Title | Microeconomics / |
| Statement of responsibility, etc. | Jeffrey M. Perloff, University of California, Berkeley. |
| 250 ## - EDITION STATEMENT | |
| Edition statement | Seventh edition. |
| Remainder of edition statement | Horizon edition. |
| 264 #1 - PRODUCTION, PUBLICATION, DISTRIBUTION, MANUFACTURE, AND COPYRIGHT NOTICE | |
| Place of production, publication, distribution, manufacture | Boston : |
| Name of producer, publisher, distributor, manufacturer | Pearson Education, |
| Date of production, publication, distribution, manufacture, or copyright notice | [2013] |
| 300 ## - PHYSICAL DESCRIPTION | |
| Extent | 1 volume (various pagings) : |
| Other physical details | color illustrations ; |
| Dimensions | 27 cm. |
| 336 ## - CONTENT TYPE | |
| Content type term | text |
| Content type code | txt |
| Source | rdacontent |
| 337 ## - MEDIA TYPE | |
| Media type term | unmediated |
| Media type code | n |
| Source | rdamedia |
| 338 ## - CARRIER TYPE | |
| Carrier type term | volume |
| Carrier type code | nc |
| Source | rdacarrier |
| 490 0# - SERIES STATEMENT | |
| Series statement | Pearson series in economics |
| 500 ## - GENERAL NOTE | |
| General note | Includes bibliographical references and index. |
| 504 ## - BIBLIOGRAPHY, ETC. NOTE | |
| Bibliography, etc. note | Includes bibliographical references and index. |
| 650 #0 - SUBJECT ADDED ENTRY--TOPICAL TERM | |
| Topical term or geographic name entry element | Microeconomics. |
| 906 ## - LOCAL DATA ELEMENT F, LDF (RLIN) | |
| a | 7 |
| b | cbc |
| c | orignew |
| d | 1 |
| e | ecip |
| f | 20 |
| g | y-gencatlg |
| 942 ## - ADDED ENTRY ELEMENTS (KOHA) | |
| Source of classification or shelving scheme | Library of Congress Classification |
| Koha item type | Books |
| Edition | 6th ed. |
| Classification part | 171.5 |
| Item part | PER |
| Call number prefix | HB |
| Withdrawn status | Lost status | Source of classification or shelving scheme | Damaged status | Not for loan | Collection code | Home library | Current library | Shelving location | Date acquired | Total Checkouts | Full call number | Barcode | Date last seen | Date last checked out | Copy number | Price effective from | Koha item type |
|---|---|---|---|---|---|---|---|---|---|---|---|---|---|---|---|---|---|
| Library of Congress Classification | Non-fiction | City Campus Library | City Campus Library | General Stacks | 09/16/2020 | 1 | HB171.5 PER 2013 | 000401 | 11/07/2023 | 10/31/2023 | c. 1 | 09/16/2020 | Books | ||||
| Library of Congress Classification | Non-fiction | Mashava Campus Library | City Campus Library | General Stacks | 05/19/2021 | 1 | HB 171.5 CAS 1992 | 028558 | 03/26/2024 | 03/20/2024 | c. 7 | 05/19/2021 | Books | ||||
| Library of Congress Classification | Non-fiction | Mashava Campus Library | Mashava Campus Library | General Stacks | 05/19/2021 | HB171.5 PER 2013 | 000391 | 05/19/2021 | c. 2 | 05/19/2021 | Books | ||||||
| Library of Congress Classification | Non-fiction | Mashava Campus Library | Mashava Campus Library | General Stacks | 05/19/2021 | 1 | HB 171.5 CAS 1992 | 000392 | 11/11/2021 | 11/08/2021 | c. 3 | 05/19/2021 | Books | ||||
| Library of Congress Classification | Non-fiction | Mashava Campus Library | Mashava Campus Library | General Stacks | 05/19/2021 | HB 171.5 CAS 1992 | 006618 | 05/19/2021 | c. 4 | 05/19/2021 | Books | ||||||
| Library of Congress Classification | Non-fiction | Mashava Campus Library | Mashava Campus Library | General Stacks | 05/19/2021 | HB 171.5 CAS 1992 | 000344 | 05/19/2021 | c. 5 | 05/19/2021 | Books | ||||||
| Library of Congress Classification | Non-fiction | Mashava Campus Library | Mashava Campus Library | General Stacks | 05/19/2021 | 1 | HB 171.5 CAS 1992 | 000381 | 06/06/2024 | 05/29/2024 | c. 6 | 05/19/2021 | Books | ||||
| Library of Congress Classification | Non-fiction | Mashava Campus Library | Mashava Campus Library | General Stacks | 05/19/2021 | HB 171.5 CAS 1992 | 006617 | 05/19/2021 | c. 8 | 05/19/2021 | Books | ||||||
| Library of Congress Classification | Non-fiction | Mashava Campus Library | Mashava Campus Library | General Stacks | 05/19/2021 | HB 171.5 CAS 1992 | 003373 | 05/19/2021 | c. 9 | 05/19/2021 | Books | ||||||
| Library of Congress Classification | Non-fiction | Mashava Campus Library | Mashava Campus Library | General Stacks | 05/19/2021 | 1 | HB 171.5 CAS 1992 | 028559 | 06/05/2024 | 05/27/2024 | c. 10 | 05/19/2021 | Books |